[Event "Z17"]
[Site "Vinkovci"]
[Date "2017.07.27"]
[Round "5.2"]
[White "Golub, Nikolina"]
[Black "Dasic, Jelena"]
[Result "1-0"]
[WhiteElo "1828"]
[BlackElo "1670"]
[PlyCount "71"]
[EventDate "2017.07.24"]

1. e4 c5 2. c3 d6 3. d4 cxd4 4. cxd4 Nf6 5. Nc3 g6 6. Nf3 Bg7 7. Bc4 O-O 8. O-O
Nc6 9. Re1 Bg4 10. Be2 Rc8 11. h3 Bxf3 12. Bxf3 Qb6 13. e5 dxe5 14. dxe5 Rfd8
15. Qa4 Nd7 16. Nd5 Qa6 17. Qh4 Ndxe5 18. Be2 Qa5 19. Nc3 Nd4 20. Bd1 Bf6 21.
Qe4 b5 22. Be3 Nf5 23. Bb3 Nd3 24. Re2 Nxb2 25. Nd5 Nc4 26. Rd1 Ncd6 27. Qf4
Nxe3 28. Rxe3 Nf5 29. Re4 Kg7 30. g4 Nd6 31. Nxf6 Nxe4 32. Rxd8 Rxd8 33. Nxe4
f6 34. g5 Qe1+ 35. Kg2 f5 36. Qe5+ 1-0

[Event "Z17"]
[Site "Vinkovci"]
[Date "2017.07.27"]
[Round "5.3"]
[White "Maroslavac, Ivana"]
[Black "Dejanovic, Tereza"]
[Result "0-1"]
[WhiteElo "1729"]
[BlackElo "1830"]
[PlyCount "52"]
[EventDate "2017.07.24"]

1. e4 c5 2. Nf3 d6 3. d4 cxd4 4. Nxd4 Nf6 5. Nc3 a6 6. g3 e6 7. Bg2 Be7 8. O-O
Qc7 9. Be3 Bd7 10. f4 O-O 11. Qe2 Nc6 12. Rfd1 Rac8 13. Bf2 b5 14. a4 Nxd4 15.
Bxd4 b4 16. Na2 e5 17. fxe5 dxe5 18. Bf2 Bg4 19. Bf3 Bxf3 20. Qxf3 Qxc2 21.
Rdb1 Qxe4 22. Qxe4 Nxe4 23. Be1 a5 24. Rd1 Bc5+ 25. Kf1 Bd4 26. Rab1 Rc2 0-1

[Event "Z17"]
[Site "Vinkovci"]
[Date "2017.07.27"]
[Round "5.4"]
[White "Mican, Karmela"]
[Black "Bevanda, Lorena"]
[Result "1-0"]
[WhiteElo "1831"]
[BlackElo "1377"]
[PlyCount "67"]
[EventDate "2017.07.24"]

1. e4 e5 2. Nf3 Nc6 3. Bc4 Be7 4. c3 Nf6 5. d3 d6 6. Bb3 O-O 7. O-O h6 8. Re1
Re8 9. Nbd2 Bf8 10. h3 Be6 11. Ba4 Bd7 12. a3 a6 13. d4 Re7 14. Bc2 Nb8 15. Nf1
c6 16. Ng3 Bc8 17. dxe5 Ne8 18. exd6 Qxd6 19. Nd4 Qf6 20. Qe2 Nd7 21. Ngf5 Ne5
22. Nxe7+ Bxe7 23. f4 Nd7 24. e5 Qh4 25. Kh2 Bc5 26. g3 Qe7 27. Nf5 Qe6 28. Be3
Bxe3 29. Qxe3 Kf8 30. Nd4 Qe7 31. Qd3 g6 32. Qe3 Ng7 33. f5 c5 34. f6 1-0

[Event "Z17"]
[Site "Vinkovci"]
[Date "2017.07.27"]
[Round "5.5"]
[White "Smetisko, Marija"]
[Black "Juric, Matea"]
[Result "1-0"]
[WhiteElo "1845"]
[BlackElo "1308"]
[PlyCount "57"]
[EventDate "2017.07.24"]

1. e4 e5 2. Nf3 Nc6 3. Bc4 d6 4. Nc3 h6 5. d4 Bd7 6. Be3 Nf6 7. Qd2 Bg4 8.
O-O-O Nxe4 9. Nxe4 d5 10. Ng3 dxc4 11. h3 Bxf3 12. gxf3 Bd6 13. Rhe1 Qd7 14.
dxe5 Nxe5 15. Bd4 f6 16. f4 O-O-O 17. fxe5 fxe5 18. Bxe5 Qxh3 19. Bxd6 Rxd6 20.
Qc3 Rxd1+ 21. Rxd1 Qg4 22. Rd4 Qe6 23. Rxc4 c6 24. b3 Rg8 25. Re4 Qf7 26. Qe3
a6 27. Rf4 Qd7 28. Nf5 Re8 29. Qxe8+ 1-0

[Event "Z17"]
[Site "Vinkovci"]
[Date "2017.07.27"]
[Round "5.6"]
[White "Lijic, Kristina"]
[Black "Juric, Ester"]
[Result "1-0"]
[WhiteElo "1752"]
[BlackElo "1408"]
[PlyCount "68"]
[EventDate "2017.07.24"]

1. c4 e5 2. Nc3 Nf6 3. g3 d6 4. Bg2 Be7 5. Nf3 Nc6 6. d4 exd4 7. Nxd4 Ne5 8.
O-O O-O 9. b3 Rb8 10. Bb2 c5 11. Nc2 Ng6 12. Ne3 Re8 13. Qd2 a6 14. Rfd1 b5 15.
Rac1 b4 16. Ncd5 Nxd5 17. Nxd5 Bf8 18. Ne3 a5 19. Bc6 Bd7 20. Bxd7 Qxd7 21. Qd5
Rbd8 22. Rd2 Ne7 23. Qd3 Nc6 24. Rcd1 g6 25. Nd5 Be7 26. Bf6 Qe6 27. Bxe7 Nxe7
28. Nc7 Qg4 29. Nxe8 Rxe8 30. Qxd6 Nf5 31. Qxc5 Ra8 32. Qd5 Re8 33. c5 Ne7 34.
Qd7 Qxd7 1-0

[Event "Z17"]
[Site "Vinkovci"]
[Date "2017.07.27"]
[Round "6.1"]
[White "Dejanovic, Tereza"]
[Black "Cvitan, Ena"]
[Result "0-1"]
[WhiteElo "1830"]
[BlackElo "2240"]
[PlyCount "70"]
[EventDate "2017.07.24"]

1. e4 c5 2. c3 Nf6 3. e5 Nd5 4. d4 cxd4 5. Nf3 Nc6 6. cxd4 d6 7. exd6 Qxd6 8.
Nc3 Bg4 9. Nxd5 Qxd5 10. Be2 e6 11. O-O Be7 12. Be3 O-O 13. a3 Rfd8 14. h3 Bh5
15. Qa4 a6 16. Rfd1 b5 17. Qc2 Bg6 18. Qd2 b4 19. a4 Na5 20. Rac1 Be4 21. Ne1
Qd7 22. Bc4 Nxc4 23. Rxc4 Bd5 24. Rcc1 Bb3 25. Nc2 Qxa4 26. Ra1 Qb5 27. f4 a5
28. Qf2 a4 29. Bc1 Rac8 30. Rd2 Bf6 31. d5 Rxd5 32. Rxd5 Qxd5 33. Ne3 Qd4 34.
Ng4 Qxf2+ 35. Kxf2 Rc2+ 0-1

[Event "Z17"]
[Site "Vinkovci"]
[Date "2017.07.27"]
[Round "6.2"]
[White "Golub, Nikolina"]
[Black "Bevanda, Ema"]
[Result "1-0"]
[WhiteElo "1828"]
[BlackElo "1582"]
[PlyCount "83"]
[EventDate "2017.07.24"]

1. d4 d5 2. c4 e6 3. Nf3 Nf6 4. g3 Be7 5. Bg2 O-O 6. O-O Nbd7 7. Nbd2 Re8 8. b3
b6 9. Bb2 Bb7 10. Rc1 a5 11. Qc2 Rc8 12. Ne5 c5 13. e3 Qc7 14. Ndf3 Ne4 15.
Nxd7 Qxd7 16. Ne5 Qc7 17. Rfd1 Bg5 18. Qe2 dxc4 19. Nxc4 Be7 20. dxc5 bxc5 21.
Be5 Qc6 22. Qg4 f6 23. Nxa5 Qa6 24. Nxb7 Nxf2 25. Kxf2 Qxa2+ 26. Kg1 fxe5 27.
Qxe6+ Kh8 28. Be4 Bg5 29. Qf5 Bxe3+ 30. Kh1 Kg8 31. Qxh7+ Kf8 32. Rf1+ Bf2 33.
Qh8+ Ke7 34. Qxg7+ Ke6 35. Qg6+ Ke7 36. Qg5+ Kd7 37. Qf5+ Kc7 38. Rxf2 Qxb3 39.
Nxc5 Qe3 40. Na6+ Kb6 41. Rb2+ Ka7 42. Qd7+ 1-0

[Event "Z17"]
[Site "Vinkovci"]
[Date "2017.07.27"]
[Round "6.3"]
[White "Dasic, Jelena"]
[Black "Maroslavac, Ivana"]
[Result "1-0"]
[WhiteElo "1670"]
[BlackElo "1729"]
[PlyCount "63"]
[EventDate "2017.07.24"]

1. d4 g6 2. c4 Bg7 3. Nc3 d6 4. e4 e5 5. d5 Nf6 6. f3 O-O 7. Be3 Nh5 8. Nge2 f5
9. Qc2 f4 10. Bf2 a6 11. Nc1 Nd7 12. Nb3 Rb8 13. c5 Kh8 14. Rc1 Ndf6 15. Na4
Ne8 16. cxd6 cxd6 17. Nb6 Bd7 18. Be2 Rg8 19. Na5 Nhf6 20. Nac4 Bh6 21. Qc3 Qe7
22. Qa3 Bf8 23. g3 fxg3 24. hxg3 Bb5 25. Qe3 Qd8 26. f4 exf4 27. gxf4 Qe7 28.
e5 dxe5 29. fxe5 Nd7 30. Nxd7 Bxd7 31. e6 Bb5 32. Qe5+ 1-0

[Event "Z17"]
[Site "Vinkovci"]
[Date "2017.07.27"]
[Round "6.4"]
[White "Mican, Karmela"]
[Black "Lijic, Kristina"]
[Result "1/2-1/2"]
[WhiteElo "1831"]
[BlackElo "1752"]
[PlyCount "45"]
[EventDate "2017.07.24"]

1. e4 c5 2. f4 d6 3. Nf3 Nf6 4. Nc3 g6 5. g3 Bg7 6. Bg2 Nc6 7. O-O O-O 8. d3
Qb6 9. Na4 Qc7 10. c4 b6 11. Nc3 Bb7 12. a3 e6 13. Qe1 a6 14. Rb1 Nd4 15. Nxd4
cxd4 16. Ne2 e5 17. h3 Nd7 18. b4 f5 19. exf5 gxf5 20. Bb2 Rae8 21. Bxb7 Qxb7
22. Qf2 Rf6 23. Qg2 1/2-1/2

[Event "Z17"]
[Site "Vinkovci"]
[Date "2017.07.27"]
[Round "6.5"]
[White "Juric, Ester"]
[Black "Smetisko, Marija"]
[Result "0-1"]
[WhiteElo "1408"]
[BlackElo "1845"]
[PlyCount "76"]
[EventDate "2017.07.24"]

1. d4 Nf6 2. c4 g6 3. Nc3 d5 4. e3 Bg7 5. h3 O-O 6. Nf3 Re8 7. Be2 dxc4 8. Bxc4
c5 9. O-O Nbd7 10. Re1 Qc7 11. Bb3 a6 12. e4 cxd4 13. Nxd4 Nc5 14. e5 Nxb3 15.
Qxb3 Nh5 16. Nf3 Be6 17. Qc2 Bh8 18. Qe2 Ng7 19. Bf4 Bc4 20. Qe4 e6 21. b3 Bxb3
22. axb3 Qxc3 23. Qxb7 Nf5 24. Rac1 Qa5 25. Ng5 Rf8 26. Rb1 Rab8 27. Qd7 Rxb3
28. Bd2 Qb6 29. Rxb3 Qxb3 30. Bf4 Qb4 31. Bd2 Qc5 32. Qa4 Bxe5 33. Bb4 Qc4 34.
Rxe5 Rb8 35. Re4 Qc1+ 36. Re1 Qxg5 37. Bc5 Nh4 38. g3 Nf3+ 0-1

[Event "Z17"]
[Site "Vinkovci"]
[Date "2017.07.27"]
[Round "6.6"]
[White "Bevanda, Lorena"]
[Black "Juric, Matea"]
[Result "1-0"]
[WhiteElo "1377"]
[BlackElo "1308"]
[PlyCount "95"]
[EventDate "2017.07.24"]

1. d4 d5 2. Nf3 Nf6 3. Bf4 Bf5 4. e3 a6 5. a3 h6 6. c4 e6 7. Qb3 Qc8 8. Nc3 c6
9. Rc1 dxc4 10. Bxc4 b5 11. Be2 Nh5 12. Be5 Nd7 13. O-O Be7 14. h3 Nhf6 15. Bh2
O-O 16. Rfd1 Qb7 17. Ne5 Bd6 18. Nxd7 Bxh2+ 19. Kxh2 Nxd7 20. Bf3 Rac8 21. e4
Bh7 22. d5 exd5 23. exd5 Nc5 24. Qa2 cxd5 25. Nxd5 Qb8+ 26. Kg1 Kh8 27. b4 Nd3
28. Rxc8 Rxc8 29. Ne7 Rf8 30. Nc6 Qc7 31. Qd5 Nf4 32. Qd4 Ne6 33. Qe3 Nf4 34.
Rc1 Qd6 35. Ne5 Ne6 36. Rc6 Qb8 37. Nd7 Qd8 38. Nxf8 Qxf8 39. Rxa6 Qe7 40. Rb6
Qd7 41. Bg4 Bg8 42. Bxe6 fxe6 43. Qe5 Qd1+ 44. Kh2 Qc2 45. Rb8 Qxf2 46. Rxb5
Qa2 47. Qg3 Qc4 48. Rb7 1-0

[Event "Z17"]
[Site "Vinkovci"]
[Date "2017.07.28"]
[Round "7.1"]
[White "Smetisko, Marija"]
[Black "Cvitan, Ena"]
[Result "0-1"]
[WhiteElo "1845"]
[BlackElo "2240"]
[PlyCount "120"]
[EventDate "2017.07.24"]

1. e4 c6 2. d4 d5 3. Nc3 g6 4. Nf3 Bg7 5. e5 f6 6. Bf4 Bg4 7. h3 Bxf3 8. Qxf3
fxe5 9. dxe5 e6 10. Bd3 Ne7 11. Bh2 Nd7 12. Qg4 Nc5 13. O-O-O Qc7 14. Rhe1
O-O-O 15. Ne2 h5 16. Qd4 Nxd3+ 17. Rxd3 Qa5 18. Red1 Nf5 19. Qc3 Qxa2 20. Qa3
Qxa3 21. Rxa3 a6 22. Nd4 Bh6+ 23. f4 Nxd4 24. Rxd4 Kd7 25. Rb4 Rb8 26. Rba4 c5
27. h4 Rhf8 28. g3 Rfc8 29. Bg1 Rc6 30. c3 Bf8 31. Ra1 Kc7 32. Kd2 Ra8 33. Rc1
b5 34. Ra2 a5 35. Be3 a4 36. Ke2 Kb7 37. Bd2 Rb6 38. Rca1 Rba6 39. Kd3 c4+ 40.
Ke2 a3 41. bxa3 Rxa3 42. Rxa3 Rxa3 43. Rb1 Kc6 44. Kd1 Ra2 45. Kc1 Bc5 46. Be1
Bb6 47. Kd1 Be3 48. Rb4 Kc5 49. Rb1 Kc6 50. Rb4 Bc5 51. Rb1 Be7 52. Bd2 b4 53.
cxb4 d4 54. b5+ Kb6 55. Bb4 c3 56. Kc1 Bxb4 57. Rxb4 d3 58. Rb3 Ra1+ 59. Rb1
Rxb1+ 60. Kxb1 d2 0-1

[Event "Z17"]
[Site "Vinkovci"]
[Date "2017.07.28"]
[Round "7.2"]
[White "Juric, Matea"]
[Black "Golub, Nikolina"]
[Result "0-1"]
[WhiteElo "1308"]
[BlackElo "1828"]
[PlyCount "54"]
[EventDate "2017.07.24"]

1. e4 c5 2. Nf3 e6 3. d4 cxd4 4. Nxd4 Nf6 5. Nc3 Nc6 6. Bf4 d6 7. Ndb5 e5 8.
Bg5 a6 9. Na3 b5 10. Nd5 Be7 11. Bxf6 Bxf6 12. c3 O-O 13. Qf3 Be7 14. Bd3 Be6
15. Nxe7+ Nxe7 16. O-O Qd7 17. h3 f5 18. exf5 Nxf5 19. Bxf5 Bxf5 20. Rad1 e4
21. Qg3 Rf6 22. Kh2 Rg6 23. Qe3 d5 24. f3 Qd6+ 25. Kh1 Rd8 26. Rd2 Rg3 27. Rff2
Qg6 0-1

[Event "Z17"]
[Site "Vinkovci"]
[Date "2017.07.28"]
[Round "7.3"]
[White "Dasic, Jelena"]
[Black "Mican, Karmela"]
[Result "0-1"]
[WhiteElo "1670"]
[BlackElo "1831"]
[PlyCount "64"]
[EventDate "2017.07.24"]

1. Nf3 Nf6 2. d4 e6 3. c4 d5 4. e3 Be7 5. Nc3 O-O 6. Be2 b6 7. O-O Bb7 8. Qc2
Nbd7 9. b3 c5 10. Bb2 Rc8 11. Rfd1 Qc7 12. Nb5 Qb8 13. Ne5 a6 14. Nc3 cxd4 15.
exd4 Qa8 16. Rd3 dxc4 17. Rg3 cxb3 18. axb3 Nxe5 19. dxe5 Ne4 20. Rg4 Nc5 21.
Ba3 Rfd8 22. Bxc5 Rxc5 23. Bd3 g6 24. Raa4 Rxe5 25. Ne4 Red5 26. Bf1 Rc8 27.
Qe2 b5 28. Ra1 Re5 29. Qd3 Rxe4 30. Rxe4 Bxe4 31. Qd7 Bf6 32. Rd1 Bd5 0-1

[Event "Z17"]
[Site "Vinkovci"]
[Date "2017.07.28"]
[Round "7.4"]
[White "Bevanda, Ema"]
[Black "Bevanda, Lorena"]
[Result "1/2-1/2"]
[WhiteElo "1582"]
[BlackElo "1377"]
[PlyCount "20"]
[EventDate "2017.07.24"]

1. c4 c5 2. Nc3 Nc6 3. Nf3 Nf6 4. g3 g6 5. Bg2 Bg7 6. O-O O-O 7. d3 d6 8. Bd2
Bd7 9. Qc2 Qc7 10. Rad1 Rfe8 1/2-1/2

[Event "Z17"]
[Site "Vinkovci"]
[Date "2017.07.28"]
[Round "7.5"]
[White "Lijic, Kristina"]
[Black "Dejanovic, Tereza"]
[Result "1/2-1/2"]
[WhiteElo "1752"]
[BlackElo "1830"]
[PlyCount "75"]
[EventDate "2017.07.24"]

1. c4 e6 2. Nc3 Nf6 3. Nf3 d5 4. cxd5 exd5 5. d4 c6 6. Bg5 Be7 7. h3 O-O 8. e3
Bf5 9. Bd3 Bxd3 10. Qxd3 h6 11. Bf4 Bd6 12. Bxd6 Qxd6 13. O-O Nbd7 14. Rac1
Rfe8 15. Nd2 Rac8 16. f3 Nh5 17. Ne2 Ng3 18. Nxg3 Qxg3 19. Qe2 Nf6 20. Qf2
Qxf2+ 21. Kxf2 Rcd8 22. Nb3 Re7 23. g4 Ne8 24. Rfe1 Nd6 25. Rc2 Rde8 26. Rce2
g6 27. Nc5 b6 28. Nd3 f6 29. Nb4 a5 30. Nd3 Kf7 31. b3 Nb5 32. a4 Nd6 33. Rc2
Rc8 34. Rec1 Rec7 35. Nf4 Ne8 36. Nd3 Nd6 37. Nf4 Ne8 38. Nd3 1/2-1/2

[Event "Z17"]
[Site "Vinkovci"]
[Date "2017.07.28"]
[Round "7.6"]
[White "Maroslavac, Ivana"]
[Black "Juric, Ester"]
[Result "1/2-1/2"]
[WhiteElo "1729"]
[BlackElo "1408"]
[PlyCount "68"]
[EventDate "2017.07.24"]

1. e4 c5 2. Nf3 d6 3. d4 cxd4 4. Nxd4 Nf6 5. Nc3 a6 6. g3 e6 7. Bg2 Be7 8. O-O
O-O 9. Qe2 Qc7 10. Be3 e5 11. Nb3 Be6 12. Nd5 Nxd5 13. exd5 Bf5 14. c3 Nd7 15.
Rfe1 Rfe8 16. Qd2 Bg6 17. Rad1 f5 18. Qe2 Nf6 19. h3 e4 20. f3 Bh5 21. g4 fxg4
22. hxg4 exf3 23. Bxf3 Bg6 24. Qd2 Qd7 25. Qg2 Qa4 26. Ra1 Nd7 27. Bd4 Bh4 28.
Rxe8+ Rxe8 29. Qh2 Be7 30. Nd2 Ne5 31. Bxe5 dxe5 32. b3 Qa5 33. c4 Bc5+ 34. Kh1
e4 1/2-1/2

[Event "Z17"]
[Site "Vinkovci"]
[Date "2017.07.29"]
[Round "8.1"]
[White "Cvitan, Ena"]
[Black "Mican, Karmela"]
[Result "1/2-1/2"]
[WhiteElo "2240"]
[BlackElo "1831"]
[PlyCount "25"]
[EventDate "2017.07.24"]

1. d4 d5 2. c4 e6 3. Nc3 Nf6 4. cxd5 exd5 5. Bg5 Be7 6. e3 c6 7. Qc2 Nbd7 8.
Bd3 Nh5 9. Bxe7 Qxe7 10. Nge2 g6 11. h3 Nb6 12. O-O-O Be6 13. Kb1 1/2-1/2

[Event "Z17"]
[Site "Vinkovci"]
[Date "2017.07.29"]
[Round "8.3"]
[White "Bevanda, Lorena"]
[Black "Dasic, Jelena"]
[Result "0-1"]
[WhiteElo "1377"]
[BlackElo "1670"]
[PlyCount "80"]
[EventDate "2017.07.24"]

1. d4 d5 2. Nf3 Nf6 3. Bf4 c5 4. e3 Nc6 5. c3 Qb6 6. Qb3 c4 7. Qc2 Bf5 8. Qc1
e6 9. Nbd2 h6 10. Be2 Be7 11. h3 Ne4 12. O-O g5 13. Bh2 h5 14. Nxe4 Bxe4 15.
Nd2 g4 16. hxg4 hxg4 17. Nxe4 dxe4 18. Bxg4 f5 19. Bh3 Kf7 20. Rd1 Rag8 21. Kf1
Qd8 22. Qd2 Bd6 23. Bg1 Rxh3 24. gxh3 Qh4 25. Ke2 Qxh3 26. Qe1 Qf3+ 27. Kd2 e5
28. Qe2 exd4 29. Qxc4+ Kf8 30. exd4 Bf4+ 31. Kc2 Rg2 32. Qc5+ Kg7 33. Qxf5 e3
34. Qd7+ Kg6 35. Qe6+ Kg5 36. Qg8+ Kf6 37. Qh8+ Ke7 38. Qh7+ Kd6 39. Qd3 exf2
40. Bxf2 Qxf2+ 0-1

[Event "Z17"]
[Site "Vinkovci"]
[Date "2017.07.29"]
[Round "8.4"]
[White "Juric, Ester"]
[Black "Bevanda, Ema"]
[Result "0-1"]
[WhiteElo "1408"]
[BlackElo "1582"]
[PlyCount "66"]
[EventDate "2017.07.24"]

1. d4 d5 2. c4 e6 3. Nc3 Nf6 4. Nf3 c5 5. e3 Nc6 6. a3 a5 7. b3 Be7 8. Be2 O-O
9. O-O b6 10. Bb2 Qd7 11. Rc1 Rd8 12. cxd5 exd5 13. Bb5 Bb7 14. dxc5 bxc5 15.
Na4 Qe6 16. Nxc5 Bxc5 17. Rxc5 Ne4 18. Rc1 Na7 19. Be2 Nc6 20. Nd4 Nxd4 21.
Qxd4 Qh6 22. Rc7 Ba6 23. Re1 Bxe2 24. Rxe2 Ng5 25. Ra7 Qg6 26. Kf1 Rxa7 27.
Qxa7 Qb1+ 28. Re1 Qxb2 29. Qxa5 Ne6 30. b4 Qd2 31. a4 Rc8 32. Qa6 Rc2 33. Qa8+
Nf8 0-1

[Event "Z17"]
[Site "Vinkovci"]
[Date "2017.07.29"]
[Round "8.5"]
[White "Juric, Matea"]
[Black "Dejanovic, Tereza"]
[Result "0-1"]
[WhiteElo "1308"]
[BlackElo "1830"]
[PlyCount "88"]
[EventDate "2017.07.24"]

1. e4 c5 2. Nf3 d6 3. d4 cxd4 4. Nxd4 Nf6 5. Nc3 a6 6. Bg5 e6 7. Be2 Be7 8. Qd2
Qc7 9. O-O O-O 10. Rad1 Rd8 11. Qe3 Nc6 12. a3 Ne8 13. Qg3 Bxg5 14. Qxg5 h6 15.
Qg3 b5 16. Kh1 Bb7 17. f4 Nf6 18. Nxc6 Bxc6 19. e5 Ne4 20. Nxe4 Bxe4 21. c3 d5
22. Bd3 Bxd3 23. Rxd3 Qd7 24. Rdf3 Rf8 25. f5 exf5 26. Rxf5 Rae8 27. Rf6 Re6
28. h3 Qe7 29. h4 Kh8 30. Rxe6 fxe6 31. Re1 Rf5 32. Rd1 Qc7 33. Re1 Qc4 34. Re3
Rf4 35. b3 Rxh4+ 36. Kg1 Qf4 37. Qxf4 Rxf4 38. g3 Rf5 39. Kg2 Kh7 40. Re1 h5
41. Re3 Kh6 42. Re1 Kg5 43. Re3 Kg4 44. Re1 Rf3 0-1

[Event "Z17"]
[Site "Vinkovci"]
[Date "2017.07.29"]
[Round "8.6"]
[White "Lijic, Kristina"]
[Black "Maroslavac, Ivana"]
[Result "1/2-1/2"]
[WhiteElo "1752"]
[BlackElo "1729"]
[PlyCount "119"]
[EventDate "2017.07.24"]

1. c4 g6 2. Nc3 Bg7 3. g3 d6 4. Bg2 Nf6 5. Nf3 O-O 6. O-O c6 7. d4 Nbd7 8. Re1
e5 9. e4 Re8 10. d5 a5 11. dxc6 Nc5 12. cxb7 Bxb7 13. Bg5 h6 14. Bxf6 Qxf6 15.
Nd5 Bxd5 16. Qxd5 Qe6 17. Rad1 Qxd5 18. Rxd5 Red8 19. b3 Rab8 20. Nd2 Bf6 21.
Rb1 Rb6 22. h4 Be7 23. Bf3 Rdb8 24. Bd1 Kg7 25. Kg2 Bd8 26. f3 Be7 27. Nf1 Bd8
28. Bc2 Bc7 29. Rdd1 Bd8 30. Ne3 Na6 31. Nd5 Rc6 32. a3 Nc7 33. Nxc7 Bxc7 34.
Bd3 Rcb6 35. Bc2 Kf6 36. Rd5 R6b7 37. f4 Ke7 38. Kf3 f6 39. Rf1 Rf8 40. Kg4 Ke8
41. fxe5 fxe5 42. Rxf8+ Kxf8 43. Rd1 Rb8 44. Rf1+ Kg7 45. Rb1 Bd8 46. b4 axb4
47. axb4 Be7 48. b5 Bd8 49. Ra1 Bb6 50. h5 Bc5 51. Ra6 Rb7 52. Bd1 Kf6 53. hxg6
Kxg6 54. Kh4 Ra7 55. Bg4 Rxa6 56. bxa6 Ba7 57. Bf5+ Kg7 58. Kg4 Kf6 59. Kf3 Ke7
60. Bc8 1/2-1/2

[Event "Z17"]
[Site "Vinkovci"]
[Date "2017.07.30"]
[Round "9.1"]
[White "Cvitan, Ena"]
[Black "Juric, Ester"]
[Result "1-0"]
[WhiteElo "2240"]
[BlackElo "1408"]
[PlyCount "73"]
[EventDate "2017.07.24"]

1. Nf3 c5 2. e3 d5 3. b3 Nf6 4. Bb2 e6 5. d4 Nc6 6. Bd3 b6 7. O-O Be7 8. a3 Bb7
9. Ne5 O-O 10. f4 Ne4 11. Rf3 f6 12. Nxc6 Bxc6 13. Rh3 Be8 14. dxc5 bxc5 15.
Qg4 Bf7 16. Nd2 h5 17. Qe2 f5 18. Nf3 a5 19. Ne5 Be8 20. a4 Nf6 21. Rg3 h4 22.
Rg5 Rb8 23. Rd1 d4 24. exd4 Nd5 25. Qf2 Bxg5 26. fxg5 Qxg5 27. Nf3 Qe7 28. Ba3
Nb4 29. Bc4 Bh5 30. c3 Rfc8 31. cxb4 cxb4 32. Bb2 g5 33. Re1 Bf7 34. d5 Kh7 35.
Qd4 Rg8 36. d6 Qd7 37. Ne5 1-0

[Event "Z17"]
[Site "Vinkovci"]
[Date "2017.07.30"]
[Round "9.2"]
[White "Mican, Karmela"]
[Black "Golub, Nikolina"]
[Result "1/2-1/2"]
[WhiteElo "1831"]
[BlackElo "1828"]
[PlyCount "65"]
[EventDate "2017.07.24"]

1. e4 c5 2. f4 e6 3. Nf3 d5 4. e5 Nc6 5. g3 Nge7 6. Bg2 Ng6 7. d3 h5 8. h3 Nge7
9. Be3 Nf5 10. Bf2 Qb6 11. Qc1 Be7 12. Nc3 Qa5 13. Qd2 b5 14. O-O Ba6 15. a3
Qc7 16. Ne2 Rc8 17. d4 c4 18. c3 Na5 19. Qc2 Nb3 20. Rae1 Rb8 21. Ng5 Qd8 22.
h4 g6 23. Bh3 Ng7 24. Kh2 Bc8 25. Rg1 a5 26. g4 Bxg5 27. fxg5 hxg4 28. Rxg4 b4
29. axb4 axb4 30. Ng3 Qa5 31. Rf4 bxc3 32. bxc3 Ra8 33. Rb1 1/2-1/2

[Event "Z17"]
[Site "Vinkovci"]
[Date "2017.07.30"]
[Round "9.3"]
[White "Dasic, Jelena"]
[Black "Juric, Matea"]
[Result "1-0"]
[WhiteElo "1670"]
[BlackElo "1308"]
[PlyCount "45"]
[EventDate "2017.07.24"]

1. Nf3 Nf6 2. d4 d5 3. c4 e6 4. e3 c5 5. Nc3 b6 6. Be2 Bb7 7. O-O Be7 8. a3 O-O
9. Rb1 Qc8 10. cxd5 exd5 11. Bd3 c4 12. Bc2 Rd8 13. Re1 Bf8 14. e4 dxe4 15.
Nxe4 Nbd7 16. Bg5 Be7 17. Ng3 Re8 18. Nf5 Qd8 19. Ne5 Nd5 20. Nxe7+ Nxe7 21.
Bxh7+ Kxh7 22. Nxf7 Qc8 23. Qh5+ 1-0

[Event "Z17"]
[Site "Vinkovci"]
[Date "2017.07.30"]
[Round "9.4"]
[White "Dejanovic, Tereza"]
[Black "Bevanda, Ema"]
[Result "0-1"]
[WhiteElo "1830"]
[BlackElo "1582"]
[PlyCount "118"]
[EventDate "2017.07.24"]

1. e4 e5 2. Nf3 Nc6 3. Bb5 Nge7 4. c3 d6 5. O-O g6 6. d3 Bg7 7. Nbd2 O-O 8. Re1
Rb8 9. a3 a6 10. Ba4 b5 11. Bc2 Be6 12. Nf1 Qd7 13. Ne3 Rfd8 14. Ng5 Na7 15.
Nxe6 fxe6 16. Ng4 Kh8 17. Bh6 Ng8 18. Bxg7+ Qxg7 19. Bb3 Qe7 20. d4 Nc6 21. d5
exd5 22. Bxd5 Na7 23. f4 c6 24. Bxg8 Rxg8 25. Nh6 Rgf8 26. fxe5 dxe5 27. Qe2
Rbd8 28. Rad1 Rxd1 29. Qxd1 Rf4 30. h3 Nc8 31. Qd3 Nd6 32. g3 Rf6 33. Ng4 Rf8
34. a4 h5 35. Nh2 Nc4 36. b3 Na5 37. b4 Nc4 38. axb5 axb5 39. Rd1 Nb2 40. Qd7
Qg5 41. Nf1 Nxd1 42. Qxd1 Qf6 43. Qe2 Qf7 44. Nd2 Qa7+ 45. Kh1 Qa1+ 46. Kg2
Qxc3 47. Nf3 Rd8 48. Kg1 Qxb4 49. Qe3 Rd1+ 50. Kf2 Qb2+ 51. Qe2 Qxe2+ 52. Kxe2
Rd6 53. Nxe5 Re6 54. Nf7+ Kg7 55. Ng5 Re5 56. h4 Rxg5 57. hxg5 Kf7 58. Kd3 Ke7
59. Kd4 b4 0-1

[Event "Z19"]
[Site "Vinkovci"]
[Date "2017.07.24"]
[Round "1.1"]
[White "Blazeka, Mihaela"]
[Black "Roklicer, Heike"]
[Result "1/2-1/2"]
[WhiteElo "2101"]
[BlackElo "2036"]
[PlyCount "66"]
[EventDate "2017.07.24"]

1. e4 g6 2. d4 Bg7 3. Nf3 d6 4. Nc3 Nf6 5. Be2 Nbd7 6. h3 e5 7. dxe5 dxe5 8.
Be3 c6 9. Nd2 O-O 10. a4 Qe7 11. Nb3 Rd8 12. O-O Nf8 13. Qc1 Ne6 14. Rd1 Rxd1+
15. Qxd1 Nf4 16. Bc4 Be6 17. Bc5 Qe8 18. Qf1 Bxc4 19. Qxc4 Qe6 20. Qxe6 Nxe6
21. Be3 Bf8 22. f3 Bd6 23. Na5 Bc7 24. Nb3 Kf8 25. Rd1 Bb6 26. Kf2 Ke7 27. g3
Rd8 28. Rxd8 Kxd8 29. Bxb6+ axb6 30. Ke3 Ne8 31. Ne2 Nd6 32. Nd2 Kc7 33. b3 f6
1/2-1/2

[Event "Z19"]
[Site "Vinkovci"]
[Date "2017.07.24"]
[Round "1.2"]
[White "Batory, Lucija"]
[Black "Purkic, Ruza"]
[Result "1/2-1/2"]
[WhiteElo "1738"]
[BlackElo "1517"]
[PlyCount "131"]
[EventDate "2017.07.24"]

1. e4 c5 2. c3 d6 3. d4 cxd4 4. cxd4 Nf6 5. Nc3 g6 6. Nf3 Bg7 7. Bc4 O-O 8. O-O
Nc6 9. Be3 Bd7 10. Rc1 a6 11. a3 b5 12. Ba2 Rb8 13. Qd3 b4 14. Nd5 Na5 15. Rfe1
b3 16. Bb1 Bb5 17. Nxf6+ Bxf6 18. Qc3 Bc4 19. e5 Bg7 20. exd6 exd6 21. Bg5 f6
22. Bd2 Rb5 23. a4 Rh5 24. g4 Qd7 25. Re4 Bd5 26. Rf4 Bh6 27. g5 Bxg5 28. Nxg5
Rxg5+ 29. Kf1 Bc4+ 30. Bd3 Qh3+ 31. Ke2 Re8+ 32. Be3 Rxe3+ 33. fxe3 Rg2+ 34.
Rf2 Qg4+ 35. Ke1 Rg1+ 36. Kd2 Qh4 37. Bxc4+ Kg7 38. Re2 Rg5 39. d5 Nb7 40. Rf1
Re5 41. Qd4 Re4 42. Qa7 Rxc4 43. Qxb7+ Kh6 44. Qxb3 Rxa4 45. Ref2 Rb4 46. Qc3
Qe4 47. Kc1 Rc4 48. Rxf6 Rxc3+ 49. bxc3 Qxe3+ 50. Kc2 Qe4+ 51. Kb2 Qxd5 52.
R1f2 a5 53. R6f4 Kg5 54. Rd4 Qc6 55. Rfd2 Qb5+ 56. Ka3 Qb1 57. Rxd6 Qa1+ 58.
Kb3 a4+ 59. Kb4 a3 60. R2d5+ Kh6 61. Ra5 Qb2+ 62. Kc4 Qxh2 63. Rda6 Qe2+ 64.
Kb3 Qb2+ 65. Kc4 Qa2+ 66. Kb4 1/2-1/2

[Event "Z19"]
[Site "Vinkovci"]
[Date "2017.07.25"]
[Round "2.1"]
[White "Purkic, Ruza"]
[Black "Petricevic, Marija"]
[Result "1-0"]
[WhiteElo "1517"]
[BlackElo "1610"]
[PlyCount "81"]
[EventDate "2017.07.24"]

1. c4 e5 2. Nc3 Nf6 3. Nf3 Nc6 4. g3 Bb4 5. Bg2 O-O 6. a3 Bxc3 7. bxc3 e4 8.
Nd4 Ne5 9. c5 d5 10. cxd6 Qxd6 11. a4 c5 12. Ba3 a6 13. O-O Qc7 14. Nb3 Ned7
15. d4 exd3 16. exd3 Rd8 17. Re1 c4 18. Nd4 Ne5 19. dxc4 Nxc4 20. Re7 Rd7 21.
Qe2 Rxe7 22. Bxe7 Bg4 23. f3 Re8 24. fxg4 Rxe7 25. Qa2 Ne3 26. Nf5 Re8 27. g5
Nd7 28. Re1 Qc5 29. Kh1 Kf8 30. Nxe3 Rxe3 31. Rd1 Nb6 32. Rf1 Re7 33. Qb3 Nc8
34. Bd5 Nd6 35. h4 b6 36. h5 a5 37. g6 hxg6 38. hxg6 f6 39. c4 Re3 40. Qb2 Rxg3
41. Qh2 1-0

[Event "Z19"]
[Site "Vinkovci"]
[Date "2017.07.25"]
[Round "2.2"]
[White "Roklicer, Heike"]
[Black "Batory, Lucija"]
[Result "1-0"]
[WhiteElo "2036"]
[BlackElo "1738"]
[PlyCount "74"]
[EventDate "2017.07.24"]

1. d4 d5 2. Bf4 Bf5 3. Nf3 Nf6 4. e3 e6 5. Bd3 Bg6 6. c3 c5 7. Bxb8 Bxd3 8. Be5
Bb5 9. a4 Ba6 10. dxc5 Nd7 11. b4 Nxe5 12. Nxe5 Qg5 13. Nf3 Qg6 14. b5 Bxb5 15.
axb5 Bxc5 16. O-O O-O 17. Ne5 Qg5 18. Nd7 Rfc8 19. Nxc5 Rxc5 20. Qd3 Qe5 21.
Rc1 g6 22. Nd2 Rac8 23. Ra3 Qc7 24. Rxa7 Qb6 25. Ra3 Rxb5 26. Rb1 Rxb1+ 27.
Qxb1 Qc6 28. Nf3 Kg7 29. h3 b6 30. Nd4 Qc5 31. Qb2 Kg8 32. Rb3 Qa5 33. Nb5 Qa4
34. Ra3 Qd1+ 35. Kh2 Qh5 36. Ra6 Rb8 37. Qb4 Qxh3+ 1-0